00980nam a2200217 a 450000100100000000500170001000800410002704000250006808200160009310000260010924000300013524501650016526000590033030000210038949000320041070000350044283000390047795201140051695201150063099900170074500003672720200930075911.0120126s1964 mx a 000 0 spa d aDO-SdBNPbspacBNPHU axxxxbS623v1 aSistrom, W. R.96303810aMicrobial lifelEspañol10aVida microbiana :bdescubrimiento modernos sobre sus sitemas geneticos, síntesis de proteinas y metabolismo /cW. R. Sistrom ; traducido por Raul I. Blaisten. aMéxico :bCompañía Editorial Continental,c1964. a154 p. ;c23 cm.1 aSerie moderna de biología1 aBlaisten, Raul I.,etr.963039 0aSerie moderna de biología963040 001050718MOaGRbGRcCTd2012-01-26iLF1l0oxxxx S623vp36727-10r2020-06-25w2020-06-25y1ZNo se presta 0010507-18MOaGRbGRcOId2012-01-26iLF1l0oxxxx S623vp36728-10r2020-06-25w2020-06-25y1ZNo se presta c36218d36218